| 000 | 00472nam a2200169 a 4500 | ||
|---|---|---|---|
| 001 | 000040171 | ||
| 005 | 20201002033948.0 | ||
| 008 | 130812s1994 mx a 000 0 spa d | ||
| 020 | _a9681326334 | ||
| 040 |
_aDO-SdBNP _bspa _cBNPHU |
||
| 082 | _axxx | ||
| 100 | 1 |
_aPazos, Luis _966444 |
|
| 245 | 1 | 0 |
_a¿Porque Chiapas? / _cLuis Pazos. |
| 260 |
_aMéxico : _bDiana, _c1994. |
||
| 300 |
_a156 p. : _bil. ; _c21 cm. |
||
| 500 | _aLa biblioteca posee la 16a reimpresión de 1994 | ||
| 999 |
_c39661 _d39661 |
||